000 00525pab a2200181 454500
008 180718b1995 xxu||||| |||| 00| 0 eng d
100 _aSwamy, K.
245 _aManagement education
_ba case study of Dr. B.R. Ambedkar Open University.
260 _c1995
300 _ap.10-13
362 _a25 Dec
650 _aManagement - Study and teaching
650 _aDistance education - India
650 _aEducational systems and institutions
650 _aManagement Education
773 _aUniversity News
909 _a30253
999 _c30253
_d30253